[Event "Memorial Jorge Szmetan 2017"]
[Site "Buenos Aires"]
[Date "2017.04.18"]
[Round "2"]
[White "Slipak, Sergio"]
[Black "Sosa, Tomas"]
[Result "1/2-1/2"]
[WhiteElo "2465"]
[BlackElo "2459"]
[Annotator "TA"]
[PlyCount "81"]
[EventDate "2017.04.17"]
[EventType "tourn"]
[EventCountry "ARG"]
[SourceTitle "playchess.com"]
[Source "ChessBase"]
[SourceQuality "1"]

{[%evp 11,81,2,7,8,86,73,66,15,103,74,76,66,109,100,100,109,107,103,105,112,122,85,98,107,99,82,93,70,107,54,39,64,146,99,288,291,300,287,469,297,275,310,425,419,520,442,559,497,533,535,516,528,542,531,506,481,545,533,472,0,0,0,0,0,133,134,321,0,0,0,0,-11]} 1. c4 Nf6 2. Nc3 e6 3. e4 d5 4. e5 Nfd7 5. d4 dxc4 6. Bxc4 c5 $1 7. Nf3 {Black must now prevent d5. A18: English Opening: Flohr-Mikenas System (1 c4 Nf6 2 Nc3 e6 3 e4)} (7. d5 Nxe5 8. Bb5+ Bd7 9. dxe6 fxe6 10. Qh5+ Nf7 11. Nf3 Bxb5 12. Nxb5 Qa5+ 13. Nc3 Qa6 14. Ng5 g6 15. Qf3 Nxg5 16. Bxg5 Bg7 17. O-O-O Bd4 18. Rxd4 cxd4 19. Qf6 {1-0 (19) Goganov,A (2597)-Sjodahl,P (2404) Stockholm 2015}) 7... Nb6 (7... Nc6 $1 $11 {keeps the balance.}) 8. Bb5+ Bd7 9. O-O (9. Bg5 $14 Be7 10. dxc5 Bxg5 11. cxb6) 9... c4 $146 (9... Bxb5 $11 {remains equal.} 10. Nxb5 Nd5) (9... a6 10. Bxd7+ Qxd7 11. dxc5 Bxc5 12. Ne4 Be7 13. Qb3 Nd5 14. Rd1 Nc6 {1-0 (62) Nadenau,O (2240)-Hund,J Bad Woerishofen 1991}) 10. Bg5 Be7 11. Bxd7+ N8xd7 12. Bxe7 Qxe7 13. Ne4 O-O 14. Rc1 f6 15. exf6 gxf6 16. Re1 Rac8 17. b3 Kh8 18. bxc4 Nxc4 19. Qb3 Ncb6 20. a4 ({White should play} 20. g3 $16) 20... Rxc1 $1 $14 21. Rxc1 a5 (21... Nd5 $14) 22. h3 {Hoping for Rc7.} Rg8 $2 {[#]} (22... Rb8 $16) 23. Rc7 $1 $18 Nd5 24. Rxb7 {Threatens to win with Qb5.} Nf4 $2 (24... Rg7 25. Qb5 Qb4 26. Qxb4 (26. Rxd7 Rxd7 27. Qxd7 Qb1+ 28. Kh2 Qxe4 29. Qd8+ Kg7 30. Qxa5 Qf4+ 31. Kh1 Qc1+ 32. Ng1 Qc6 $18) 26... Nxb4) 25. Ng3 Qd6 26. Qb5 Rg7 27. Qxa5 h6 28. Qd2 Kh7 29. a5 Qc6 {intending ...Nxh3+.} 30. Rxd7 ({Not} 30. Qxf4 Qxb7 31. Qd6 Qd5 $16) 30... Nxh3+ 31. gxh3 Qxd7 32. Qf4 Qc7 33. Qxf6 Rf7 34. Qxe6 Qf4 35. Qe4+ $2 {[#]} (35. Ne5 {is a self mate.} Qxf2+ 36. Kh1 Qe1+ 37. Nf1 Rxf1+ 38. Kh2 Qf2#) (35. Nh4 $18 Rf6 36. Qd7+ Rf7 37. Qe8) 35... Qxe4 $11 36. Nxe4 Rxf3 {KR-KN} 37. a6 Ra3 (37... Kg6 $11) 38. Nc5 $16 Kg6 $2 (38... h5 $16) 39. Kg2 $2 (39. d5 $18) 39... Kf6 $11 40. f3 Ke7 41. Kg3 1/2-1/2

[Event "Memorial Jorge Szmetan 2017"]
[Site "Buenos Aires"]
[Date "2017.04.18"]
[Round "2"]
[White "Garcia Palermo, Carlos"]
[Black "Bachmann, Axel"]
[Result "1/2-1/2"]
[WhiteElo "2450"]
[BlackElo "2646"]
[Annotator "TA"]
[PlyCount "110"]
[EventDate "2017.04.17"]
[EventType "tourn"]
[EventCountry "ARG"]
[SourceTitle "playchess.com"]
[Source "ChessBase"]
[SourceQuality "1"]

{[%evp 23,110,33,61,62,71,42,97,-18,28,-33,66,69,91,93,85,78,89,84,77,19,29,0,0,-43,-48,-76,-63,-39,-6,-104,-87,-118,-106,-110,-100,-170,-120,-247,-250,-229,-209,-195,-142,-686,-684,-680,-680,-669,-668,-5143,-25,-25,0,-22,-22,-22,-22,-22,-22,-22,-22,-22,-22,-22,-22,-22,-22,-22,-22,-22,-22,-22,-22,-22,-22,-22,-22,-22,-22,-22,-22,-22,-22,-22,-22,-24,-22,-22,0]} 1. d4 Nf6 2. c4 d6 3. Nf3 g6 4. Nc3 Bg7 5. e4 O-O 6. Be2 Bg4 7. Be3 Nfd7 8. Ng1 Bxe2 9. Ngxe2 c5 10. d5 Na6 11. O-O {E91: King's Indian: Classical: 6 Be2, unusual replies including 6...c5 and 6...Bg4} Nc7 12. a4 (12. Qd2 Re8 13. f4 a6 14. e5 dxe5 15. f5 b5 16. b3 bxc4 17. bxc4 {1-0 (54) Iturrizaga Bonelli,E (2646)-Chadaev,N (2582) Moscow 2013}) 12... b6 {LiveBook: 4 Games} 13. f4 {White is slightly better.} a6 14. Rb1 $146 (14. e5 b5 15. b3 bxc4 16. bxc4 Rb8 17. Ne4 Rb4 18. Qd3 f5 {1-0 (41) Nezad,H (2427)-Seeman,T (2407) Baku 2016}) 14... Ne8 (14... Rb8 $14) 15. b4 (15. b3 $16) 15... Nef6 16. h3 (16. b5 $11) 16... Qc7 (16... cxb4 $15 17. Rxb4 Qc8) 17. b5 $14 Rfe8 18. Qd3 e6 19. dxe6 Rxe6 20. f5 Ree8 21. fxg6 (21. Bg5 $16) 21... hxg6 $11 22. Nf4 ({Don't play} 22. Nd5 Nxd5 23. Qxd5 (23. exd5 $2 axb5 24. Rxb5 Ne5 $19) 23... Nf6 $17) (22. Bf4 $5 {with more complications.} axb5 23. Nxb5 Qc6 24. Nec3 Nxe4 25. Nd5) 22... axb5 23. cxb5 (23. Nxb5 $5 {seems wilder.} Qd8 24. Rbe1 Rxe4 25. Nd5 Re5 26. Ndc3) 23... Qb7 {[%cal Rf6e4]} 24. Qxd6 Nxe4 25. Nxe4 Rxe4 26. Bc1 (26. Nd5 $11 Re6 27. Ne7+ Kh8 28. Qd5 Qxd5 29. Nxd5) 26... Raxa4 $17 {...Ne5 is the strong threat.} 27. Qc6 Ra7 (27... Bd4+ 28. Kh1 Ra7 29. Nxg6 $15) 28. Bb2 Ne5 $36 {[%mdl 2048] Keeping White busy.} 29. Bxe5 (29. Qe8+ $17 Kh7 30. Qd8) 29... Rxe5 30. Rfd1 (30. Rbd1 $17 {is a better defense.}) 30... Qb8 $19 31. Rd6 Bf8 32. Rf6 Rae7 (32... Qd8 $19 {White must now prevent ...Qd4+.} 33. Nxg6 (33. Qxb6 $2 Qd4+ 34. Kh1 Rae7 $19) 33... fxg6 34. Qxb6 Qxb6 35. Rxb6 Kg7) 33. Qxb6 $2 {[%mdl 8192]} (33. Nd5 $17 R7e6 34. Qd7 Rxf6 35. Nxf6+ Kg7 36. Rf1) 33... Re1+ 34. Rxe1 Rxe1+ 35. Kf2 Qe5 {[%csl Ge1][%cal Re5e3] [#]} 36. Kf3 Bg7 $2 (36... g5 $19 37. Rxf7 Rf1+ 38. Kg4 Rxf4+ 39. Rxf4 Qxf4+ 40. Kh5 Qh4+ 41. Kg6 Qh6+ 42. Kf5 Qxb6 43. h4 gxh4 44. Kf4 Qxb5 45. Ke3 Bh6+ 46. Ke4 Kf7 47. Kd5 Ke7 48. Ke4 Qb3 49. g4 hxg3 50. Kf5 Qe6#) 37. Qd8+ $11 Bf8 {And now ...Qc3+ would win.} 38. Qxf8+ Kxf8 39. Nxg6+ $1 Kg7 {[#] ( -> ...Re3+)} 40. Nxe5 Kxf6 {[%mdl 4096] Endgame KR-KN} 41. Nd7+ Ke7 42. Nxc5 Re5 43. Ne4 Rxb5 44. Kf4 f5 45. Nc3 Ra5 46. Ne2 Kf6 47. g4 Ra4+ 48. Kf3 fxg4+ 49. hxg4 Kg5 50. Ke3 Rxg4 51. Nd4 Kf6 52. Nf3 Ra4 53. Nd4 Ke5 54. Nf3+ Kf5 55. Nd4+ Rxd4 1/2-1/2

[Event "Memorial Jorge Szmetan 2017"]
[Site "Buenos Aires"]
[Date "2017.04.18"]
[Round "2"]
[White "Darcyl, Tomas"]
[Black "Flores, Diego"]
[Result "0-1"]
[WhiteElo "2405"]
[BlackElo "2568"]
[Annotator "TA"]
[PlyCount "100"]
[EventDate "2017.04.17"]
[EventType "tourn"]
[EventCountry "ARG"]
[SourceTitle "playchess.com"]
[Source "ChessBase"]
[SourceQuality "1"]

{[%evp 19,100,-7,-7,-14,-14,-28,-22,-26,-10,-28,-19,-53,-47,-58,-48,-42,-57,-47,-46,-61,-47,-94,-77,-102,-76,-156,-124,-150,-132,-135,-132,-152,-143,-189,-186,-266,-258,-302,-281,-282,-289,-267,-254,-310,-434,-374,-241,-257,-247,-233,-243,-237,-239,-207,-212,-293,-268,-301,-290,-347,-268,-292,-268,-345,-353,-333,-350,-345,-378,-367,-361,-397,-360,-29978,-29979,-29978,-29979,-29979,-5850,-29979,-29979,-29985,-29986]} 1. Nf3 c5 2. b3 d6 3. Bb2 e5 4. c4 Nc6 5. e3 g6 6. Nc3 Bg7 7. d3 Nge7 {A04: Unusual lines after 1 Nf3 and King's Indian Attack} 8. Be2 O-O 9. O-O h6 10. a3 Be6 {LiveBook: 3 Games} 11. Nd2 (11. Rb1 a5 12. Nb5 d5 13. cxd5 Nxd5 14. Nd2 Qb6 15. a4 Qd8 16. Rc1 Qe7 17. Qc2 b6 18. Nc4 Rab8 19. Qb1 Ndb4 20. Rfd1 {½-½ (20) Lenic,L (2630)-Lalic,B (2476) Bol 2013}) 11... f5 12. b4 $146 (12. Bf3 Qd7 13. Bd5 Rab8 14. Qf3 a6 15. Bxe6+ Qxe6 16. Rab1 b5 17. cxb5 axb5 18. Nxb5 Rxb5 {0-1 (18) Bendig,F (2441)-Monacell,J (2463) IECG email 2004}) 12... cxb4 13. axb4 Nxb4 14. Ba3 Nec6 15. Qb3 a5 16. Rfb1 Rf7 17. Bxb4 Nxb4 18. Na2 Nc6 19. Nc3 Ra6 20. Bf1 Kh7 21. g3 Nb4 22. Qa4 ({White should play} 22. Na2) 22... d5 23. cxd5 Nxd5 24. Nxd5 Bxd5 ({Of course not} 24... Qxd5 $6 25. Rb5 Qd6 26. Rxa5 $11 (26. Nc4 Qc7 27. Rxa5 Rxa5 28. Nxa5 Rf8 $15)) 25. e4 Bc6 26. Qc4 Qf6 27. Rb2 (27. exf5 $142 Qxf5 28. Ne4 Bxe4 29. dxe4 Qxf2+ 30. Kh1) 27... a4 $19 28. Nb1 fxe4 29. dxe4 {[#]} Rb6 $1 {[%mdl 512]} ({Don't play} 29... b5 30. Qc2 $17) 30. Rd2 (30. Rxb6 Qxf2+) 30... Rb3 31. Qe2 Bf8 32. Rc2 Qf3 (32... Bb5 $2 33. Qd1 $19) 33. Nd2 Qxe2 34. Bxe2 {Threatening Bc4.} Rb4 35. f3 Rd7 36. Kf2 Kg7 37. Nc4 Bc5+ 38. Ke1 Bd4 39. Rd1 Bb5 40. f4 Bxc4 41. Rxc4 Rxc4 42. Bxc4 {[%mdl 4096] Endgame KRB-KRB} Rc7 43. Bd5 b5 {[%cal Bb7b5,Bb5b4,Bb4b3][%mdl 32]} 44. Kd2 b4 45. fxe5 Bxe5 46. Rc1 $2 (46. Rb1 $19) 46... Rxc1 47. Kxc1 {[#]} b3 $1 48. Kd2 Kf6 49. Ke3 Ke7 50. Kd3 Kd6 0-1

[Event "Memorial Jorge Szmetan 2017"]
[Site "Buenos Aires"]
[Date "2017.04.18"]
[Round "2"]
[White "Van Riemsdijk, Herman C"]
[Black "Morovic Fernandez, Ivan"]
[Result "1/2-1/2"]
[WhiteElo "2318"]
[BlackElo "2527"]
[Annotator "TA"]
[PlyCount "104"]
[EventDate "2017.04.17"]
[EventType "tourn"]
[EventCountry "ARG"]
[SourceTitle "playchess.com"]
[Source "ChessBase"]
[SourceQuality "1"]

{[%evp 31,104,0,0,0,0,0,14,0,8,7,48,48,68,62,65,67,68,61,92,15,28,0,0,-36,-22,-37,0,0,0,0,0,0,0,0,0,0,0,0,0,0,0,0,0,0,0,0,3,0,0,0,4,0,0,0,0,-35,0,0,0,0,0,0,0,0,0,0,0,0,6,6,8,6,6,0,6]} 1. e4 e5 2. Nf3 Nc6 3. Bb5 a6 4. Bc4 Nf6 5. O-O Be7 6. Re1 b5 7. Bb3 d6 8. c3 O-O 9. d4 Bg4 10. Be3 Bh5 11. h3 exd4 12. cxd4 d5 13. e5 Ne4 14. Nc3 Nxc3 {C91: Closed Ruy Lopez: 7...d6 8 c3 0-0 9 d4} 15. bxc3 Na5 16. Bc2 Nc4 {LiveBook: 44 Games} (16... Qd7 17. g4 Bg6 18. Bg5 Nc4 19. Bf5 Bxf5 20. Bxe7 Bc2 21. Qxc2 Qxe7 22. Nd2 {½-½ (61) Shirov,A (2712)-Inarkiev,E (2660) Poikovsky 2015}) 17. Qd3 {[%csl Gc2][%cal Rd3h7] [#]} Bg6 18. Qd1 a5 19. Bxg6 fxg6 20. Nd2 $146 (20. Re2 b4 21. Rc1 Ra6 22. Nd2 Nxe3 23. Rxe3 {½-½ (38) Amos,B (2420)-Rubinraut,S Haifa 1976}) 20... Nxe3 21. Rxe3 c5 22. dxc5 $1 Bxc5 23. Re2 $1 Rc8 24. Nf3 Rf4 25. Qd2 (25. Rd2 $16) 25... Rc4 $11 26. Rd1 Rxc3 27. Qxd5+ Qxd5 28. Rxd5 Rc1+ 29. Kh2 b4 30. e6 Re8 31. Ne5 Bb6 32. Nd7 Bc7+ 33. g3 Rc6 34. Rc5 Rxc5 35. Nxc5 {[%mdl 4096] Endgame KRB-KRN} Kf8 36. Rd2 $1 Re7 37. Kg2 Ke8 38. Rd5 Bb6 39. Na4 Bc7 40. Nc5 Bb6 41. Na4 Bd8 42. Nc5 Ra7 43. Na4 Ra6 44. Nc5 {The position is equal.} Rb6 {[#] Strongly threatening ...Rb5.} 45. Kf3 Be7 46. Na4 $1 {[%cal Ra4b6]} Rxe6 47. Rxa5 Rf6+ 48. Ke3 Rc6 49. Nb2 Bc5+ 50. Ke2 Re6+ 51. Kf1 Be7 52. Nd3 Rb6 1/2-1/2

[Event "Memorial Jorge Szmetan 2017"]
[Site "Buenos Aires"]
[Date "2017.04.19"]
[Round "3"]
[White "Bachmann, Axel"]
[Black "Darcyl, Tomas"]
[Result "1-0"]
[WhiteElo "2646"]
[BlackElo "2405"]
[Annotator "TA"]
[PlyCount "111"]
[EventDate "2017.04.17"]
[EventType "tourn"]
[EventCountry "ARG"]
[SourceTitle "playchess.com"]
[Source "ChessBase"]
[SourceQuality "1"]

{[%evp 13,111,3,9,6,6,5,14,12,11,3,19,15,25,17,16,12,27,32,46,38,74,76,88,85,74,83,92,89,96,97,119,80,89,83,85,73,113,40,90,110,206,199,192,206,206,199,192,151,196,174,232,240,247,222,242,157,235,147,811,272,342,314,358,347,350,332,272,311,475,471,595,439,709,729,725,705,911,786,2158,1886,1916,1776,2238,2141,2179,2167,5306,5297,29980,29981,29981,29982,29982,29983,29983,29984,29984,29985,29986,29987]} 1. c4 g6 2. Nc3 c5 3. g3 Bg7 4. Bg2 Nc6 5. e4 e6 6. Nge2 Nge7 7. d3 d6 {LiveBook: 248 Games} 8. Rb1 {A36: Symmetrical English vs ...g6: 4 Bg2 Bg7} (8. O-O O-O 9. Rb1 b6 10. a3 Bb7 11. b4 Qd7 12. Bg5 h6 13. Be3 Nd4 14. f4 f5 15. Qd2 Kh7 16. Rbe1 Rae8 17. Bf2 Nec6 18. b5 Nxe2+ 19. Nxe2 Nd4 20. Nxd4 cxd4 21. exf5 gxf5 22. Bxb7 Qxb7 {0-1 (30) Dominguez Perez,L (2732)-Wojtaszek,R (2727) Huaian 2016}) 8... b6 9. Be3 e5 10. a3 $146 {The position is equal.} (10. O-O O-O 11. f4 Rb8 12. Qd2 exf4 13. Nxf4 Ne5 14. h3 a6 15. Ncd5 Bb7 {½-½ (53) Nyshanbayev,B (1993)-Ibrayev,N (2407) Pavlodar 2010}) 10... Nd4 11. O-O Rb8 12. b4 Bd7 13. Qd2 O-O 14. b5 f5 15. exf5 gxf5 16. Bg5 {Threatens to win with Nxd4.} Qe8 17. Nxd4 cxd4 18. Bxe7 Qxe7 19. Nd5 Qd8 20. f4 Be6 21. Nb4 $36 {[%mdl 2048] White has strong initiative.} Qd7 22. Bc6 Qf7 23. Rbe1 Kh8 24. a4 Rg8 {[#]} 25. Qg2 (25. a5 $1 $16 {[%mdl 512]}) 25... Qg6 26. Kh1 Bf6 {[#]} (26... Qh6 $16) 27. Bd5 $1 $18 {[%cal Rd5e6]} Bxd5 28. Qxd5 (28. cxd5 exf4 29. Rxf4 Be5 $11) 28... Rbe8 29. Nc6 (29. Qxd6 $6 e4 30. Kg1 (30. Nd5 Bg7 31. Qb4 Bf8 $16) 30... Rgf8 $16) 29... exf4 30. Rxe8 (30. Qxd6 fxg3 31. Qxg3 Qxg3 32. hxg3 Rxe1 33. Rxe1 Rxg3 $11) (30. gxf4 $2 Re4 31. Qxg8+ Qxg8 $19) 30... Rxe8 31. Rxf4 (31. Nxd4 $6 fxg3 32. Nxf5 gxh2 33. Nxd6 Rf8 $14) 31... Re1+ (31... Be5 $142 32. Rf1 f4) 32. Kg2 Be5 33. Nxe5 dxe5 {[%mdl 4096] Endgame KQR-KQR} 34. Qd8+ Kg7 (34... Qg8 $16 35. Qxg8+ Kxg8 36. Rxf5 Re2+ 37. Kf3 Re3+ 38. Kf2 Rxd3) 35. Qc7+ Kf8 $2 {[%mdl 8192]} (35... Qf7 $16 36. Qxf7+ Kxf7 37. Rxf5+ Ke6) 36. Qb8+ $2 (36. Qc8+ Ke7 37. Rxf5) 36... Kg7 37. Qxa7+ Qf7 38. Qxf7+ (38. Qxb6 exf4 39. Qxd4+ Kg6 40. Qd6+ Qf6 41. Qxf6+ Kxf6 $19) 38... Kxf7 39. Rxf5+ {KR-KR} Ke6 40. Rh5 Re2+ (40... e4 $142 41. Rh6+ (41. Rxh7 $2 exd3 42. Rh6+ Ke5 $19) 41... Kf5 42. dxe4+ (42. Rxb6 $2 exd3 43. g4+ Ke5 $19) (42. Rxh7 Re2+ 43. Kf1 exd3 $11) 42... Ke5 43. Rxh7 (43. Rxb6 d3 44. Rb8 d2 45. Re8+ Kf6 46. e5+ Kf5 47. g4+ Ke4 $17) 43... Ra1 44. Re7+ Kf6) 41. Kf1 Rd2 42. Rh6+ Kf5 (42... Kd7 $142 43. Rxb6 Rxd3) 43. Rxb6 Rxd3 44. Rb8 Rb3 45. c5 Ke4 46. c6 Rc3 47. Kg2 d3 48. Rd8 Rc2+ 49. Kh3 Rc4 50. b6 Rd4 51. c7 {White mates.} d2 52. Rxd4+ exd4 53. c8=Q d1=Q 54. Qe6+ Kd3 55. Qf5+ Kc3 56. b7 1-0

[Event "Memorial Jorge Szmetan 2017"]
[Site "Buenos Aires"]
[Date "2017.04.19"]
[Round "3"]
[White "Flores, Diego"]
[Black "Granda Zuniga, Julio E"]
[Result "1/2-1/2"]
[WhiteElo "2568"]
[BlackElo "2658"]
[Annotator "TA"]
[PlyCount "75"]
[EventDate "2017.04.17"]
[EventType "tourn"]
[EventCountry "ARG"]
[SourceTitle "playchess.com"]
[Source "ChessBase"]
[SourceQuality "1"]

{[%evp 14,75,0,-24,-21,-16,0,8,0,7,0,0,0,0,33,24,27,22,33,14,8,3,2,0,0,0,0,-8,0,0,13,11,12,8,11,8,10,0,7,0,19,13,49,0,23,9,9,9,13,0,0,0,0,-23,0,0,0,0,0,0,0,0,0,0]} 1. d4 Nf6 2. c4 e6 3. Nc3 Bb4 4. e3 O-O 5. a3 Bxc3+ 6. bxc3 Nc6 {[%cal Bb8c6,Bc6a5,Ba5c4][%mdl 32]} 7. Bd3 e5 8. Ne2 {LiveBook: 3 Games. E40: Nimzo-Indian: Rubinstein (4 e3): Unusual Black 4th moves} e4 9. Bc2 Na5 10. Ng3 $1 Nxc4 11. Nxe4 Nxe4 12. Bxe4 d5 13. Bd3 b5 $146 (13... Nd6 14. Qc2 g6 15. O-O Bf5 16. Bxf5 Nxf5 {0-1 (77) Shengelia,D (2504)-Campos Moreno,J (2446) Illes Medes 2007}) 14. a4 c6 15. O-O Be6 16. f3 a5 17. axb5 (17. Qb3 $5 {creates asymmetry.} Qd7 18. Rf2 h6 19. Qb1 Rfe8 20. Rfa2) 17... cxb5 18. Bxc4 bxc4 19. e4 Qd7 20. Bf4 Ra6 21. Qc2 Qb7 22. Rfb1 Rb6 23. Bd6 Ra8 24. Rxb6 Qxb6 25. Bc5 Qc7 26. e5 h5 27. h3 h4 28. Rb1 Qd8 29. Qc1 Rb8 30. Rxb8 Qxb8 31. Qg5 Qb1+ 32. Kh2 Qe1 33. Qd8+ Kh7 34. Qg5 {The position is equal.} (34. Qxa5 Qg3+ 35. Kg1 Qe1+ 36. Kh2 Qg3+ 37. Kg1 Bxh3 $17) 34... Kg8 35. Qd8+ Kh7 {[#] White must now prevent ...Qg3+.} 36. Qg5 ({Don't play} 36. Qxa5 {[#]} Bxh3 $1 {[%mdl 512]} 37. Qa2 Bf5 $17) 36... Kg8 37. Qd8+ Kh7 {Hoping for ...Qg3+.} 38. Qg5 ({Of course not} 38. Qxa5 Qg3+ 39. Kg1 Bxh3 $17) 1/2-1/2

[Event "Memorial Jorge Szmetan 2017"]
[Site "Buenos Aires"]
[Date "2017.04.19"]
[Round "3"]
[White "Pichot, Alan"]
[Black "Van Riemsdijk, Herman C"]
[Result "1/2-1/2"]
[WhiteElo "2556"]
[BlackElo "2318"]
[Annotator "TA"]
[PlyCount "87"]
[EventDate "2017.04.17"]
[EventType "tourn"]
[EventCountry "ARG"]
[SourceTitle "playchess.com"]
[Source "ChessBase"]
[SourceQuality "1"]

{[%evp 22,87,164,19,16,6,50,60,52,37,106,48,81,55,56,64,60,58,89,85,85,85,85,89,74,52,112,65,95,29,31,35,79,0,0,0,0,0,0,0,0,0,0,0,0,0,0,0,0,0,0,0,0,0,0,-8,0,0,0,-6,-6,-6,-6,-8,-6,-6,-6,-6]} 1. e4 c5 2. Nf3 e6 3. d4 cxd4 4. Nxd4 Nf6 5. Nc3 Nc6 6. Nxc6 bxc6 7. e5 Nd5 8. Ne4 Qc7 9. f4 Qb6 10. c4 Bb4+ 11. Ke2 f6 12. exf6 ({White should try} 12. cxd5 $18 Ba6+ 13. Kf3 cxd5 14. Nd6+ Bxd6 15. exd6) 12... Nxf6 $11 {B45: Sicilian Four Knights} 13. Be3 Qb8 (13... Qd8 14. Nd6+ Bxd6 15. Qxd6 Bb7 16. Rd1 Rc8 17. g4 c5 18. Rg1 Rf8 19. f5 Qb6 20. fxe6 dxe6 {1-0 (40) Karjakin,S (2762)-Yu,Y (2721) Baku 2015}) 14. Nxf6+ gxf6 {White is slightly better.} 15. Kf2 {Black must now prevent Qh5+.} Bd6 {[#]} (15... O-O $1 $14) 16. Qd2 (16. Qg4 $1 $16) 16... Qb4 17. Rd1 $146 (17. Qxb4 Bxb4 18. c5 Ba5 19. Bc4 Bc7 20. Rad1 {½-½ (42) Petenyi,T (2347)-Choisy,M (2203) Merlimont 2011}) 17... Qxd2+ 18. Rxd2 Bb4 19. Rc2 d6 20. a3 Bc5 21. Bxc5 dxc5 22. Be2 Ke7 23. Bf3 Bd7 (23... Rd8 $14) 24. Rd1 Rhb8 25. f5 (25. Re2 $16) 25... e5 26. Rcd2 Bxf5 {[#]} 27. Bxc6 (27. g4 $1 $16 {[%cal Rg4f5]} e4 28. gxf5 exf3 29. Re1+ (29. Kxf3 Rd8 $14) 29... Kf7 30. Re6 (30. Kxf3 Rd8 31. Rxd8 Rxd8 $14)) 27... Bg4 {The position is equal.} 28. Bf3 Bxf3 29. Kxf3 {[%mdl 4096] Endgame KRR-KRR} Rb7 30. g4 Rg8 31. h3 h5 32. b4 hxg4+ 33. hxg4 cxb4 34. axb4 Rc8 35. Rh1 {Hoping for Rh7+.} Ke6 36. c5 {[%cal Bc4c5,Bc5c6][%mdl 32]} Rxb4 37. Rd6+ Kf7 38. c6 Rc4 39. Rh6 Rf4+ 40. Ke3 Ke7 41. Rd7+ Ke6 42. g5 Rxc6 43. Rxa7 Kf5 {...Re4+ is the strong threat.} 44. Rxf6+ 1/2-1/2

[Event "Memorial Jorge Szmetan 2017"]
[Site "Buenos Aires"]
[Date "2017.04.19"]
[Round "3"]
[White "Morovic Fernandez, Ivan"]
[Black "Slipak, Sergio"]
[Result "1-0"]
[WhiteElo "2527"]
[BlackElo "2465"]
[Annotator "TA"]
[PlyCount "57"]
[EventDate "2017.04.17"]
[EventType "tourn"]
[EventCountry "ARG"]
[SourceTitle "playchess.com"]
[Source "ChessBase"]
[SourceQuality "1"]

{[%evp 17,57,-29,-35,-37,-44,-47,-33,-31,0,-23,0,0,0,0,4,0,0,0,0,7,-4,0,28,50,273,277,256,264,274,249,791,791,775,666,1939,1936,1867,1876,2472,2045,29987,29988]} 1. d4 d5 2. Nf3 Nf6 3. e3 c5 4. dxc5 e6 5. b4 {D04: Colle System} (5. a3 Bxc5 6. b4 Be7 7. Bb2 O-O 8. Nbd2 b6 9. Bd3 Nbd7 10. O-O a5 11. c3 Bb7 12. Qe2 Qc7 {½-½ (21) Shimanov,A (2550)-Alekseev,E (2688) Olginka 2011}) 5... a5 6. c3 axb4 7. cxb4 b6 8. Bb5+ Bd7 9. Bxd7+ Nbxd7 {LiveBook: 20 Games} 10. a4 bxc5 11. b5 Bd6 12. O-O $146 (12. Bb2 O-O {½-½ (25) Anhalt,H (2449)-Walczak,P (2470) ICCF email 2011}) 12... O-O 13. Bb2 Qc7 14. Nbd2 c4 15. Qc2 Nc5 16. h3 e5 17. Rfb1 Nd3 18. Ba3 Bxa3 19. Rxa3 Qa5 20. b6 {[%cal Bb5b6,Bb6b7][%mdl 32]} Rfb8 $2 (20... Nd7 $1 $14) 21. b7 $18 Ra7 22. Rxd3 {Hoping for Nxc4!} e4 23. Rc3 {[%cal Bd3c3,Bc3c4,Bc4c8][%mdl 32]} exf3 $2 {[#]} (23... Rbxb7 24. Rxb7 Rxb7) 24. Nxc4 $1 {[%mdl 512]} ({Inferior is} 24. Nxf3 Rbxb7 25. Ra3 Ne4 $15) ({Stronger than} 24. Rb5 Qc7 $11) 24... dxc4 25. Rxc4 {Black must now prevent Rc8+.} g6 26. Rc8+ Kg7 27. Rxb8 Qg5 28. g3 Qh5 29. Qc8 1-0